| 000 | 00384nam a2200145 a 4500 | ||
|---|---|---|---|
| 001 | 000033990 | ||
| 005 | 20200930070701.0 | ||
| 008 | 110919s1737 fr 000 0 spa d | ||
| 040 |
_aDO-SdBNP _bspa _cBNPHU |
||
| 082 |
_axxx _bH673r |
||
| 245 | 0 | 0 | _aHistoire des revolutions d' Espagne. |
| 250 | _aNouvelle Edition | ||
| 260 |
_aParĂs : _bRollin Fils, _c1737. |
||
| 300 |
_av. ; _c18 cm. |
||
| 999 |
_c33481 _d33481 |
||